| 000 | 00510nam a2200181Ia 4500 | ||
|---|---|---|---|
| 005 | 20250508162612.0 | ||
| 008 | 008 250505s9999 xx 000 0 eng d | ||
| 037 | _aTextual | ||
| 040 |
_aFEDL _beng _cFEDL |
||
| 041 |
_aeng _2eng |
||
| 084 |
_a954.03, UND _qFEDL |
||
| 100 |
_aUnderwood A C _9103066 |
||
| 245 | 0 | _aThoughts of pre-Independent India | |
| 260 |
_aDelhi, India _bDiscovery Publishing House _c1985 |
||
| 300 | _a235p | ||
| 942 |
_cTEXL _h954.03, UND |
||
| 999 |
_c1377583 _d1377583 |
||